[Event "Novosibirsk-ch"]
[Site "Novosibirsk"]
[Date "2010.03.10"]
[Round "7"]
[White "Podberezko, Pavel"]
[Black "Chuguev, Anton"]
[Result "1/2-1/2"]
[WhiteElo "2108"]
[BlackElo "2266"]
[PlyCount "105"]
[EventDate "2010.03.01"]
[EventType "swiss"]
[EventRounds "9"]
[EventCountry "RUS"]
[SourceTitle "CBM 135 Extra"]
[Source "ChessBase"]
[SourceDate "2010.05.04"]
[SourceVersion "1"]
[SourceVersionDate "2010.05.04"]
[SourceQuality "1"]

1. d4 c5 2. d5 e5 3. e4 d6 4. Nc3 Be7 5. Nf3 Bg4 6. h3 Bxf3 7. Qxf3 Bg5 8. Bb5+ Kf8 9. a4 Bxc1 10. Rxc1 a6 11. Be2 Nd7 12. 0-0 Qh4 13. a5 Ngf6 14. Qe3 Ke7 15. f4 Qh6 16. Qg3 Qg6 17. Qh2 exf4 18. Rxf4 Ne5 19. Rf5 Rhe8 20. Rcf1 Kf8 21. Qf4 h6 22. Bd3 Ng8 23. Be2 Nf6 24. b3 Re7 25. Bd3 Rd8 26. Na4 Rde8 27. Nb2 Nh5 28. Qh4 Ng3 29. R1f4 Nxf5 30. Rxf5 Nxd3 31. cxd3 Re5 32. Rf1 Kg8 33. Qf4 Rg5 34. Rf2 Rg3 35. Kh2 Rg5 36. Nc4 Rd8 37. Qf3 h5 38. Qf4 Qf6 39. Qxf6 gxf6 40. Rxf6 Rg6 41. Rf2 Kg7 42. Ne3 Rb8 43. Nc4 Rf6 44. Rb2 Kf8 45. b4 cxb4 46. Rxb4 Ke7 47. Rb2 h4 48. Ne3 Kd7 49. Nf5 Kc7 50. Rc2+ Kd7 51. Rb2 Kc7 52. Rc2+ Kd7 53. Rb2 1/2-1/2

[Event "Novosibirsk Region-ch"]
[Site "Novosibirsk"]
[Date "2009.12.11"]
[Round "9"]
[White "Bocharov, Ivan"]
[Black "Podberezko, Pavel"]
[Result "1-0"]
[WhiteElo "2471"]
[BlackElo "1951"]
[PlyCount "59"]
[EventDate "2009.12.04"]
[EventType "swiss"]
[EventRounds "9"]
[EventCountry "RUS"]
[SourceTitle "EXT 2011"]
[Source "ChessBase"]
[SourceDate "2010.11.26"]
[SourceVersion "1"]
[SourceVersionDate "2010.11.26"]
[SourceQuality "1"]

1. f4 d5 2. Nf3 Nf6 3. g3 g6 4. Bg2 Bg7 5. 0-0 0-0 6. d4 c5 7. e3 Nc6 8. Qe2 Ne4 9. Rd1 Qb6 10. c3 Bf5 11. Nbd2 Rad8 12. Nb3 a5 13. Nh4 c4 14. Nd2 Nxd2 15. Nxf5 gxf5 16. Rxd2 Nb8 17. b3 Qa6 18. bxc4 dxc4 19. Rb1 Nc6 20. Rdb2 b5 21. Rxb5 Nb4 22. a4 Nd3 23. Ba3 Rfe8 24. Rxf5 Qg6 25. Rbb5 e5 26. Rg5 Qh6 27. dxe5 Rb8 28. Be4 Rxb5 29. axb5 Qe6 30. Bd6 1-0

[Event "Novosibirsk Region-ch"]
[Site "Novosibirsk"]
[Date "2009.12.08"]
[Round "6"]
[White "Popov, Eugeny Vladimirovic"]
[Black "Podberezko, Pavel"]
[Result "0-1"]
[WhiteElo "2039"]
[BlackElo "1951"]
[PlyCount "114"]
[EventDate "2009.12.04"]
[EventType "swiss"]
[EventRounds "9"]
[EventCountry "RUS"]
[SourceTitle "EXT 2011"]
[Source "ChessBase"]
[SourceDate "2010.11.26"]
[SourceVersion "1"]
[SourceVersionDate "2010.11.26"]
[SourceQuality "1"]

1. d4 Nf6 2. Nf3 g6 3. g3 Bg7 4. Bg2 0-0 5. 0-0 d6 6. a4 a5 7. Nc3 c6 8. e4 Na6 9. Qe2 Nb4 10. Rd1 Qc7 11. e5 Ne8 12. Bf4 Qd8 13. h3 d5 14. g4 f6 15. Rac1 f5 16. g5 Nc7 17. Qd2 Ne6 18. Ne2 Na6 19. Be3 Nac7 20. h4 b6 21. Nf4 Ba6 22. Kh2 Nxf4 23. Bxf4 Ne6 24. Ng1 Qd7 25. Nh3 Rfb8 26. Ra1 Ra7 27. b3 b5 28. axb5 Rxb5 29. Rxa5 Rxa5 30. Qxa5 Be2 31. Qe1 Bxd1 32. Qxd1 Ra2 33. Be3 Qc7 34. f4 Qa5 35. Qd3 Qe1 36. Bf2 Qb1 37. Qd2 Qxc2 38. Qb4 Kf7 39. Qe1 Qxb3 40. Qc1 Rc2 41. Qe1 Qb2 42. Qe3 Bf8 43. h5 Re2 44. hxg6+ hxg6 45. Qf3 Rc2 46. Qe3 Rc3 47. Qe1 Qc1 48. Qxc1 Rxc1 49. Bf3 Rc4 50. Be2 Rb4 51. Kg2 Nxd4 52. Bd3 e6 53. Ng1 Nb3 54. Ne2 c5 55. Be1 Rb8 56. Bc3 c4 57. Bc2 Bc5 0-1

[Event "Novosibirsk Region-ch"]
[Site "Novosibirsk"]
[Date "2009.12.04"]
[Round "1"]
[White "Podberezko, Pavel"]
[Black "Vorobjov, Stanislav"]
[Result "0-1"]
[WhiteElo "1951"]
[BlackElo "2175"]
[PlyCount "120"]
[EventDate "2009.12.04"]
[EventType "swiss"]
[EventRounds "9"]
[EventCountry "RUS"]
[SourceTitle "EXT 2011"]
[Source "ChessBase"]
[SourceDate "2010.11.26"]
[SourceVersion "1"]
[SourceVersionDate "2010.11.26"]
[SourceQuality "1"]

1. d4 d5 2. c4 e6 3. Nf3 Nf6 4. g3 Be7 5. Bg2 0-0 6. 0-0 c6 7. Qc2 Nbd7 8. b3 Ne4 9. Ba3 Bxa3 10. Nxa3 Qe7 11. Qb2 b6 12. Rac1 Bb7 13. cxd5 exd5 14. Nc2 Rfe8 15. Nce1 Nd6 16. Rc2 c5 17. Nd3 c4 18. Nde5 f6 19. Nxd7 Qxd7 20. Re1 b5 21. Nd2 a6 22. b4 Nc8 23. Nb1 Nb6 24. Nc3 Qd6 25. e3 Re7 26. Rce2 Rae8 27. Qd2 Kf8 28. a3 Bc6 29. f3 Rd8 30. Rd1 f5 31. Qc2 g6 32. Kf2 Nd7 33. Qb2 Nf6 34. Kg1 Rde8 35. Rde1 h5 36. Qd2 Kg7 37. Qb2 h4 38. gxh4 Rh8 39. Bf1 Rxh4 40. Qd2 Re8 41. Rg2 Reh8 42. Qf2 R8h6 43. Be2 f4 44. exf4 Qxf4 45. Rd1 R6h5 46. Bf1 Rg5 47. Rxg5 Qxg5+ 48. Bg2 Nh5 49. Ne2 Nf4 50. Nxf4 Qxf4 51. Qg3 Qe3+ 52. Kh1 Rxd4 53. Re1 Qf4 54. Qh3 Qh4 55. Qe6 Re4 56. Rxe4 dxe4 57. Qe5+ Qf6 58. Qc7+ Kh6 59. fxe4 Bxe4 60. Qc5 Qf1+ 0-1